Ciąg odpowiedzi o Polsce - Statystyki

Ogólne statystyki
  • Ten quiz został rozwiązany 34 razy
  • Średni wynik to 26 z 30
Statystyki odpowiedzi
Hint Odpowiedź % Poprawnych
Stolica Polski to miasto Warszawa
100%
które jest jednym z ........ województw 16
97%
po zmianie z roku 1999
97%
przed którą było ........ województw 49
97%
wcześniej Gniezno
97%
a przed nim było to miasto Kraków
97%
które należało do Bloku Wschodniego
93%
a na północ od niego leży Sopot oraz ....... Gdynia
93%
a innym miastem w pobliżu jest miasto Gliwice
93%
którego stolicą jest miasto Katowice
93%
i będące w nim woj. przemyskie należy do województwa o nazwie podkarpackie
93%
a województwo które graniczy z obydwoma państwami to śląskie
93%
leżący i będący jego stolicą w województwie o nazwie wielkopolskie
93%
których stolicą jest Berlin
90%
którego stolicą jest Bratyslawa
90%
i do 1993 bylo zlaczone z innym sąsiadem Polski o nazwie Czechy
90%
tak samo jak państwo z którym byliśmy w przeszłości w Unii Polsko-______ o nazwie Litwa
90%
które od zachodu graniczy z państwem o nazwie Niemcy
90%
którego największym miastem w pobliżu jest Poznań
90%
ktore graniczy od wschodu z państwem o nazwie Ukraina
90%
które jest stolicą województwa o nazwie zachodniopomorskie
90%
i do 1990 były podzielone na ..... państwa 2
87%
którym zarządzało państwo o nazwie (obecnej) Rosja
87%
a od poludnia od państwem o nazwie Slowacja
87%
w której znajduje się port tak samo jak Gdańsku, Świnoujściu i w mieście o nazwie Szczecin
87%
i jej jedyny sąsiad, który jest również sąsiadem Polski który nie ma dostępu do morza o nazwie Bialorus
83%
którego stolicą jest miasto Gdańsk
83%
czyli po stronie bialoruskiej w miescie o nazwie Brzesc
80%
które zaczyna się na tą samą literę co stolica województwa o nazwie pomorskie
50%
które ma największe przejście graniczne do Polski w mieście o nazwie polskiej Terespol
47%
Nie znaleziono quizów pasujących do podanych kryteriów
Rozkład punktacji
Procent ludzi z każdym wynikiem
Percentyl według liczby udzielonych odpowiedzi
Twoja historia wyników
Nie rozwiązałeś tego quizu